KOHA-Header-6

MBA CASE Book 99 Management (Record no. 6783)

000 -LEADER
fixed length control field 00251nam a2200109Ia 4500
100 ## - MAIN ENTRY--AUTHOR NAME
Personal name Hobsons
245 #0 - TITLE STATEMENT
Title MBA CASE Book 99 Management
260 ## - PUBLICATION, DISTRIBUTION, ETC. (IMPRINT)
Place of publication India
Name of publisher Pearson
Year of publication 1991
300 ## - PHYSICAL DESCRIPTION
Number of Pages 343
942 ## - ADDED ENTRY ELEMENTS (KOHA)
Koha item type Books
Holdings
Withdrawn status Lost status Collection code Permanent Location Current Location Shelving location Date acquired Full call number Accession Number Koha item type
    Dictionaries MAJU MAJU Shelf No.B28 2019-09-11 004.33 225 DICTIONARY

Powered by Koha